000 00833pam a2200277 a 4500
999 _c7745
_d7745
001 3366867
003 OSt
005 20220228115405.0
008 870312s1987 enka b 001 0 eng
010 _a 87008126
020 _a047149466631
_c$30.00
040 _aDLC
_cDLC
_dDLC
050 0 0 _aQA402.5
_b.F57 1987
082 0 0 _a519.6FLE 1987
100 1 _aFletcher, R.
_q(Roger)
_915800
245 1 0 _aPractical methods of optimization /
_cR. Fletcher.
250 _a2nd ed.
260 _aChichester ;
_aNew York :
_bWiley,
_cc1987.
300 _axiv, 436 p. :
_bill. ;
_c24 cm.
500 _a"A Wiley-Interscience publication."
500 _aIncludes index.
504 _aBibliography: p. [417]-429.
650 0 _aMathematical optimization.
_93011
906 _a7
_bcbc
_corignew
_d1
_eocip
_f19
_gy-gencatlg
942 _2ddc
_cO_SHELF